Lost Child : The True Story of a Girl who Couldn't Ask for Help

Bibliographic Details
Main Author: Hayden, Torey (Author)
Format: Book
Published: London : Bluebird 2019
Subjects:

MARC

LEADER 00000cam a2200000 7i4500
001 0000278451
005 20210624142724.0
006 a# ###### ###
007 t
008 210624 xxk# ###
020 |a 9781509864485 
040 |a MBPJ   |b eng   |c MBPJ   |e rda 
090 |a 618.928588   |b HAY 
100 1 |a Hayden, Torey ,   |e author 
245 1 0 |a Lost Child :   |b The True Story of a Girl who Couldn't Ask for Help   |c TOREY HAYDEN 
264 1 |a London :   |b Bluebird   |c 2019 
264 4 |c ©2019 
300 |a 326 pages ;   |c 20 cm. 
336 |a text  |2 rdacontent 
337 |a unmediated  |2 rdamedia 
338 |a volume  |2 rdacarrier 
650 0 |a Attachment disorder in children 
650 0 |a Attachment disorder in children   |x Treatment 
999 |a 00385813   |b BUKU   |c PINJAMAN   |e PERPUSTAKAAN KOMUNITI PETALING JAYA